| 000 | 00358nam a22001337a 4500 | ||
|---|---|---|---|
| 082 | _a2019 | ||
| 100 |
_aCentre. _931478 |
||
| 245 |
_aSAARC Energy Outlook 2030. _cSAARC Energy Centre. |
||
| 260 |
_bSAARC, _aIslamabad: |
||
| 300 |
_a187 p.: ill. _c30cm. |
||
| 650 |
_aSAARC Energy - Report 2019. _931479 |
||
| 700 |
_aDir. M Naeem Malik. _931480 |
||
| 942 | _cCR | ||
| 999 |
_c536362 _d536362 |
||